000 01152cam a2200289 a 4500
999 _c128992
_d128992
001 2524014
003 ARRUPE
005 20190214090238.0
008 930720s1994 mou 000 0 eng
010 _a 93027071
020 _a1556126662 (pbk. : alk. paper)
040 _aDLC
_cDLC
_dDLC
043 _an-us-ma
050 0 0 _aBX2350.7
_b.B45 1994
082 0 0 _a253.5/3
_220
100 1 _aBirmingham, Madeline.
_944617
245 1 0 _aWitnessing to the fire :
_bspiritual direction and the development of directors, one center's experience /
_cMadeline Birmingham and William J. Connolly.
260 _aKansas City, MO :
_bSheed & Ward,
_cc1994.
300 _axii, 236 p. ;
_c21 cm.
610 2 0 _aCenter for Religious Development (Cambridge, Mass.)
_944618
650 0 _aSpiritual direction.
_944619
700 1 _aConnolly, William J.
_944620
906 _a7
_bcbc
_corignew
_d1
_eocip
_f19
_gy-gencatlg
942 _2lcc
_cMONOGRAPH